Ноздря в ноздрю (Запись № 1612077)

Подробности
000 -МАРКЕР
контрольное поле 01255nam0a2200337 4500
001 - ИДЕНТИФИКАТОР ЗАПИСИ
контрольное поле RU\NLR\bibl\1775928
005 - ИДЕНТИФИКАТОР ВЕРСИИ
контрольное поле 20260406123109.0
010 ## - МЕЖДУНАРОДНЫЙ СТАНДАРТНЫЙ НОМЕР КНИГИ (ISBN)
Номер (ISBN) 978-5-699-48824-7
Тираж 3100
021 ## - НОМЕР ГОСУДАРСТВЕННОЙ РЕГИСТРАЦИИ
Код страны Российская Федерация
Номер 2011-33292
Номер Листа государственной регистраци 236д/11
035 ## - ДРУГИЕ СИСТЕМНЫЕ НОМЕРА
Идентификатор записи (NLR Aleph) 001766693
100 ## - ДАННЫЕ ОБЩЕЙ ОБРАБОТКИ
Данные общей обработки 20110603d2011 |||y0rusy50 ca
101 1# - ЯЗЫК РЕСУРСА
Язык текста, звукозаписи и т.д. русский
Язык оригинала английский
102 ## - СТРАНА ПУБЛИКАЦИИ ИЛИ ПРОИЗВОДСТВА
Страна публикации Российская Федерация
105 ## - ПОЛЕ КОДИРОВАННЫХ ДАННЫХ: ТЕКСТОВЫЕ МАТЕРИАЛЫ, МОНОГРАФИЧЕСКИЕ
Кодированные данные о монографическом текстовом документе y |||||||||
200 1# - ЗАГЛАВИЕ И СВЕДЕНИЯ ОБ ОТВЕТСТВЕННОСТИ
Основное заглавие Ноздря в ноздрю
Первые сведения об ответственности Дик Фрэнсис, Феликс Фрэнсис
Последующие сведения об ответственности [пер. с англ. В. Вебера]
210 ## - ПУБЛИКАЦИЯ, РАСПРОСТРАНЕНИЕ И ДР.
Место издания, распространения и т.д. Москва
Имя издателя, распространителя и т. д. Эксмо
Дата издания, распространения и т.д. 2011
215 ## - ФИЗИЧЕСКАЯ ХАРАКТЕРИСТИКА
Специфическое обозначение материала и объем 348, [2] с.
Размеры 22
225 1# - СЕРИЯ
Основное заглавие серии Дик & Феликс Фрэнсис
225 1# - СЕРИЯ
Основное заглавие серии Мастера Детектива
225 1# - СЕРИЯ
Основное заглавие серии Грандмастер детектива снова на коне
300 ## - ОБЩИЕ ПРИМЕЧАНИЯ
Текст примечания На обл. и суперобл. авт.: Дик Фрэнсис
686 ## - ИНДЕКСЫ ДРУГИХ КЛАССИФИКАЦИЙ
Индекс Ш6(4Вл)67-446{Лх1299-60}
700 #1 - ИМЯ ЛИЦА - ПЕРВИЧНАЯ ОТВЕТСТВЕННОСТЬ
Код отношения Автор
Материалы, к которым относится поле rus
Графика поля Кириллица
Начальный элемент ввода Френсис
Часть имени, кроме начального элемента ввода Д.
Даты 1920-2010
Расширение инициалов личного имени Дик
Идентификатор авторитетной/нормативной записи RU\NLR\auth\77821
Системный номер авторитетной/нормативной записи 110861
701 #1 - ИМЯ ЛИЦА - АЛЬТЕРНАТИВНАЯ ОТВЕТСТВЕННОСТЬ
Код отношения Автор
Материалы, к которым относится поле rus
Графика поля Кириллица
Начальный элемент ввода Френсис
Часть имени, кроме начального элемента ввода Ф.
Даты 1953-
Расширение инициалов личного имени Феликс
Идентификатор авторитетной/нормативной записи RU\NLR\auth\77101685
Системный номер авторитетной/нормативной записи 84611
801 #0 - ИСТОЧНИК ЗАПИСИ
Страна Российская Федерация
Организация NLR
Дата составления 20110603
Правила каталогизации RCR
801 #1 - ИСТОЧНИК ЗАПИСИ
Страна Российская Федерация
Организация NLR
Дата составления 20110603
942 ## - ДОПОЛНИТЕЛЬНЫЕ ЭЛЕМЕНТЫ ЗАПИСИ (АБИС)
Тип экземпляра АБИС Книга
980 ## - КОЛЛЕКЦИЯ
Название коллекции Национальная библиография
980 ## - КОЛЛЕКЦИЯ
Название коллекции НБР
Экземпляры
Тип экземпляра Дата поступления Источник поступления Библиотека постоянного хранения Библиотека текущего хранения Место хранения Шифр хранения Штрих-код Статус экземпляра Стоимость
Книга 03.06.2011 Обязательный экземпляр РНБ (Московский) РНБ (Московский) Русский книжный фонд: издания с 1957 года 2011-5/4308 3429138    
Книга 03.06.2011 Обязательный экземпляр РНБ (Московский) РНБ (Московский) Русский книжный фонд: издания с 1957 года 2011-5/4308 3429143    
Книга 19.12.2011 Покупка СТ РНБ (Садовая) РНБ (Садовая) Фонд Абонемента (Садовая) Аб Ш6(4Вл)/Ф-93 3562054   200.00